MARC details
| 000 -CABECERA |
| campo de control de longitud fija |
02216nam a2200409 a 4500 |
| 003 - IDENTIFICADOR DEL NÚMERO DE CONTROL |
| campo de control |
CHAP |
| 005 - FECHA Y HORA DE LA ÚLTIMA TRANSACCIÓN |
| campo de control |
20230327135520.0 |
| 007 - CAMPO FIJO DE DESCRIPCIÓN FÍSICA--INFORMACIÓN GENERAL |
| campo de control de longitud fija |
ta |
| 008 - DATOS DE LONGITUD FIJA--INFORMACIÓN GENERAL |
| campo de control de longitud fija |
230327s2021 mx ao||fr||||a001 0 spa d |
| 020 ## - NÚMERO INTERNACIONAL ESTÁNDAR DEL LIBRO |
| Número Internacional Estándar del Libro |
978-607-12-0600-8 |
| 040 ## - FUENTE DE LA CATALOGACIÓN |
| Centro catalogador/agencia de origen |
mxchpua |
| Centro/agencia transcriptor |
CHAP |
| Normas de descripción |
rda |
| 050 10 - SIGNATURA TOPOGRÁFICA DE LA BIBLIOTECA DEL CONGRESO |
| Número de clasificación |
TS1955 |
| Número de documento/Ítem |
.F56 2021 |
| 082 00 - NÚMERO DE LA CLASIFICACIÓN DECIMAL DEWEY |
| Número de clasificación |
664.902 |
| Número de documento/Ítem |
F56 2021 |
| Número de edición |
20 |
| 100 1# - ENTRADA PRINCIPAL--NOMBRE DE PERSONA |
| 9 (RLIN) |
161718 |
| Nombre de persona |
Flores Girón, Emmanuel |
| Término indicativo de función/relación |
autor |
| 245 10 - MENCIÓN DE TÍTULO |
| Título |
Fundamentos y técnicas básicas del procesamiento de carnes / |
| Mención de responsabilidad, etc. |
Emmanuel Flores Girón y Abraham Villegas de Gante |
| 250 ## - MENCIÓN DE EDICIÓN |
| Mención de edición |
1a edición |
| 264 ## - PRODUCCIÓN, PUBLICACIÓN, DISTRIBUCIÓN, FABRICACIÓN Y COPYRIGHT |
| Producción, publicación, distribución, fabricación y copyright |
Chapingo, México : |
| Nombre del de productor, editor, distribuidor, fabricante |
Universidad Autónoma Chapingo, |
| Fecha de producción, publicación, distribución, fabricación o copyright |
2021 |
| 300 ## - DESCRIPCIÓN FÍSICA |
| Extensión |
61 páginas: |
| Otras características físicas |
ilustraciones, diagramas, tablas, fotos |
| 336 ## - TIPO DE CONTENIDO |
| Fuente |
rdacontent |
| Término de tipo de contenido |
texto |
| Código de tipo de contenido |
txt |
| 337 ## - TIPO DE MEDIO |
| Fuente |
rdamedia |
| Nombre/término del tipo de medio |
sin medio |
| Código del tipo de medio |
n |
| 338 ## - TIPO DE SOPORTE |
| Fuente |
rdacarrier |
| Nombre/término del tipo de soporte |
volumen |
| Código del tipo de soporte |
nc |
| 490 1# - MENCIÓN DE SERIE |
| Mención de serie |
Agronomía esencial. Producción agroindustrial (UACh) |
| 504 ## - NOTA DE BIBLIOGRAFÍA, ETC. |
| Nota de bibliografía, etc. |
Bibliografía: páginas 60-61 |
| 505 0# - NOTA DE CONTENIDO CON FORMATO |
| Nota de contenido con formato |
Definición de carne y animales de abasto --<br/>Fichas para elaboración de productos cárnicos --<br/>Bibliografía |
| 520 2# - SUMARIO, ETC. |
| Sumario, etc. |
Fundamentos y técnicas básicas del procesamiento de carnes contiene información sobre animales de abasto en México y la composición de la carne. También aborda los microorganismos deteriorantes de la carne y de las bacterias patógenas que pueden contaminarla. Aborda la conservación de la carne cruda, los tipos de la calidad de la carne, la clasificación de los productos cárnicos y algunos ingredientes y aditivos para elaborarlos; las técnicas de conservación de la carne y sus derivados que contiene este libro van desde el curado, ahumado pseudoemulsificado y fermentación hasta tratamiento térmico. |
| 650 13 - PUNTO DE ACCESO ADICIONAL DE MATERIA--TÉRMINO DE MATERIA |
| 9 (RLIN) |
147937 |
| Término de materia o nombre geográfico como elemento de entrada |
Industria del ganado y de la carne |
| 650 13 - PUNTO DE ACCESO ADICIONAL DE MATERIA--TÉRMINO DE MATERIA |
| 9 (RLIN) |
138315 |
| Término de materia o nombre geográfico como elemento de entrada |
Calidad de la carne |
| 650 13 - PUNTO DE ACCESO ADICIONAL DE MATERIA--TÉRMINO DE MATERIA |
| 9 (RLIN) |
138316 |
| Término de materia o nombre geográfico como elemento de entrada |
Ciencia de la carne |
| 650 13 - PUNTO DE ACCESO ADICIONAL DE MATERIA--TÉRMINO DE MATERIA |
| 9 (RLIN) |
147832 |
| Término de materia o nombre geográfico como elemento de entrada |
Productos cárnicos |
| 650 13 - PUNTO DE ACCESO ADICIONAL DE MATERIA--TÉRMINO DE MATERIA |
| 9 (RLIN) |
147938 |
| Término de materia o nombre geográfico como elemento de entrada |
Livestock and meat industry |
| 650 13 - PUNTO DE ACCESO ADICIONAL DE MATERIA--TÉRMINO DE MATERIA |
| 9 (RLIN) |
150733 |
| Término de materia o nombre geográfico como elemento de entrada |
Meat quality |
| 650 13 - PUNTO DE ACCESO ADICIONAL DE MATERIA--TÉRMINO DE MATERIA |
| 9 (RLIN) |
147939 |
| Término de materia o nombre geográfico como elemento de entrada |
Meat products |
| 650 13 - PUNTO DE ACCESO ADICIONAL DE MATERIA--TÉRMINO DE MATERIA |
| 9 (RLIN) |
153829 |
| Término de materia o nombre geográfico como elemento de entrada |
Meat science |
| 700 1# - PUNTO DE ACCESO ADICIONAL--NOMBRE DE PERSONA |
| 9 (RLIN) |
185141 |
| Nombre de persona |
Villegas de Gante, Abraham Zacarias |
| Término indicativo de función/relación |
autor |
| 830 #0 - PUNTO DE ACCESO ADICIONAL DE SERIE-TÍTULO UNIFORME |
| 9 (RLIN) |
186557 |
| Título uniforme |
Agronomía esencial. Producción agroindustrial (UACh) |
| 942 ## - ELEMENTOS DE PUNTO DE ACCESO ADICIONAL (KOHA) |
| Fuente del sistema de clasificación o colocación |
Dewey Decimal Classification |
| Tipo de ítem Koha |
|